[Event "Mecklenburg VP LL2 Ost 1516"]
[Site "Mecklenburg VP"]
[Date "2016.03.13"]
[Round "7.4"]
[White "Sadewasser, Lucie"]
[Black "Peters, Hans Joachim"]
[Result "1-0"]
[WhiteElo "1552"]
[BlackElo "1748"]
[PlyCount "55"]
[EventDate "2015.09.20"]
[EventType "team-tourn"]
[EventRounds "9"]
[EventCountry "GER"]
[SourceTitle "EXT 2022"]
[Source "ChessBase"]
[SourceDate "2021.10.06"]
[SourceVersion "1"]
[SourceVersionDate "2021.10.06"]
[SourceQuality "1"]
[WhiteTeam "Gryps SV"]
[BlackTeam "Neubrandenburg SG Eintracht III"]
[WhiteTeamCountry "GER"]
[BlackTeamCountry "GER"]

1. e4 e6 2. f4 c5 3. Nc3 Nc6 4. Nf3 d5 5. Bb5 a6 6. Bxc6+ bxc6 7. d3 Rb8 8. Qe2 Be7 9. exd5 cxd5 10. Qe5 Bd7 11. Qxg7 Bf6 12. Qg3 Nh6 13. Qf2 Qc7 14. Qe2 Bc6 15. g3 Nf5 16. Rf1 0-0 17. g4 Nd4 18. Nxd4 cxd4 19. Nb1 Rfe8 20. Kd1 Bg7 21. Qf2 Rbc8 22. Rg1 Ba4 23. b3 Bd7 24. Rg2 Bb5 25. Bb2 Qc5 26. f5 e5 27. f6 Bf8 28. Qf5 1-0

[Event "Mecklenburg VP U16"]
[Site "Malchow"]
[Date "2016.02.02"]
[Round "6.5"]
[White "Joers, Pia Milena"]
[Black "Sadewasser, Lucie"]
[Result "1-0"]
[WhiteElo "1565"]
[BlackElo "1615"]
[PlyCount "79"]
[EventDate "2016.02.02"]
[EventType "swiss"]
[EventRounds "7"]
[EventCountry "GER"]
[SourceTitle "EXT 2024"]
[Source "ChessBase"]
[SourceDate "2023.10.10"]
[SourceVersion "1"]
[SourceVersionDate "2023.10.10"]
[SourceQuality "1"]

1. d4 Nf6 2. c4 c5 3. e3 e6 4. Nc3 Nc6 5. d5 Nb8 6. e4 exd5 7. cxd5 h6 8. e5 Nh7 9. f4 Rg8 10. Bd3 g6 11. d6 Bxd6 12. exd6 Qf6 13. Nb5 Na6 14. Nf3 Kd8 15. Qb3 Qe6+ 16. Qxe6 dxe6 17. Ne5 Rf8 18. Be3 Nf6 19. Nc7 Nxc7 20. dxc7+ Kxc7 21. Bxc5 Rd8 22. Be7 Rxd3 23. Nxd3 Nd5 24. Rc1+ Kd7 25. Bf8 h5 26. Kf2 b6 27. Rhd1 Ba6 28. Nb4 Rxf8 29. Nxa6 Ke7 30. g3 h4 31. Nc7 hxg3+ 32. hxg3 Nf6 33. Nb5 Nd5 34. Nxa7 Ra8 35. Nc6+ Kf8 36. a3 Ke8 37. Rh1 Kd7 38. Ne5+ Ke7 39. Rh7 Rf8 40. Nxg6+ 1-0

[Event "Mecklenburg VP U16"]
[Site "Malchow"]
[Date "2016.02.02"]
[Round "4.5"]
[White "Sadewasser, Lucie"]
[Black "Wolfgramm, Theo"]
[Result "1/2-1/2"]
[WhiteElo "1615"]
[BlackElo "1131"]
[PlyCount "125"]
[EventDate "2016.02.02"]
[EventType "swiss"]
[EventRounds "7"]
[EventCountry "GER"]
[SourceTitle "EXT 2024"]
[Source "ChessBase"]
[SourceDate "2023.10.10"]
[SourceVersion "1"]
[SourceVersionDate "2023.10.10"]
[SourceQuality "1"]

1. e4 e6 2. f4 d5 3. e5 c5 4. Nf3 Nc6 5. Nc3 Bd7 6. d3 Be7 7. g3 Qc7 8. Bg2 f6 9. Qe2 d4 10. Nd1 0-0-0 11. a3 Kb8 12. Bh3 h6 13. Nf2 g5 14. exf6 Bxf6 15. fxg5 hxg5 16. Bxg5 Bxg5 17. Nxg5 Re8 18. Bg2 Rf8 19. 0-0-0 Qa5 20. Nfe4 Nf6 21. Nxf6 Rxf6 22. Ne4 Rff8 23. Qe1 Rh5 24. Qxa5 Nxa5 25. Rdg1 c4 26. dxc4 Nxc4 27. Nd2 Rc8 28. Nxc4 Rxc4 29. Rd1 Rhc5 30. Rd2 e5 31. Bf1 Ra4 32. Bd3 b5 33. Rf1 b4 34. Rf8+ Kc7 35. b3 Rxa3 36. Kb2 a5 37. Rf7 a4 38. Bf5 Rd5 39. Rxd7+ Rxd7 40. Bxd7 Kxd7 41. bxa4 Kc6 42. Rd3 Rxa4 43. g4 Ra8 44. h4 Kc5 45. Rg3 e4 46. Kc1 Ra3 47. Rb3 Ra1+ 48. Kd2 Rh1 49. Rg3 e3+ 50. Ke2 Rh2+ 51. Ke1 Rxh4 52. g5 Rh8 53. g6 Rg8 54. g7 Kc4 55. Rg5 b3 56. cxb3+ Kxb3 57. Ke2 Kc4 58. Rg4 Kc3 59. Rg5 Kc4 60. Rg4 Kc3 61. Rg5 Kc2 62. Rg2 Kc3 63. Rg5 1/2-1/2

[Event "GER-chT Federal Cup (Women)"]
[Site "Braunfels"]
[Date "2015.06.04"]
[Round "1.2"]
[White "Barpiyeva, Gulsana"]
[Black "Sadewasser, Lucie"]
[Result "1-0"]
[WhiteElo "1991"]
[BlackElo "1569"]
[PlyCount "63"]
[EventDate "2015.06.04"]
[EventType "team-swiss"]
[EventRounds "5"]
[EventCountry "GER"]
[SourceTitle "CBM 167 Extra"]
[Source "ChessBase"]
[SourceDate "2015.09.14"]
[SourceVersion "1"]
[SourceVersionDate "2015.09.14"]
[SourceQuality "1"]
[WhiteTeam "Hessen (W)"]
[BlackTeam "Mecklenburg Vorpommern (W)"]
[WhiteTeamCountry "GER"]
[BlackTeamCountry "GER"]

1. Nf3 Nf6 2. c4 g6 3. Nc3 Bg7 4. g3 c6 5. Bg2 d6 6. d4 0-0 7. 0-0 Bf5 8. Re1 Qc8 9. e4 Bg4 10. Qc2 Bxf3 11. Bxf3 h5 12. Bg5 Re8 13. e5 dxe5 14. dxe5 Nh7 15. Bf4 Nf8 16. Bg2 Ne6 17. Bh3 Nd4 18. Bxc8 Nxc2 19. Bxb7 Nxa1 20. Bxa8 Nc2 21. Rd1 Nb4 22. a3 N4a6 23. b4 Nc7 24. Bb7 Ne6 25. h4 Nd8 26. Bc8 e6 27. Bg5 Bxe5 28. Rxd8 Rxd8 29. Bxd8 Bxc3 30. Bc7 Bb2 31. a4 c5 32. b5 1-0

[Event "Mecklenburg VP VL 1415"]
[Site "Mecklenburg VP"]
[Date "2015.04.26"]
[Round "9.5"]
[White "Sadewasser, Lucie"]
[Black "Mangold, Thomas"]
[Result "0-1"]
[WhiteElo "1682"]
[BlackElo "1922"]
[PlyCount "44"]
[EventDate "2014.09.21"]
[EventType "team-tourn"]
[EventRounds "9"]
[EventCountry "GER"]
[SourceTitle "EXT 2022"]
[Source "ChessBase"]
[SourceDate "2021.10.06"]
[SourceVersion "1"]
[SourceVersionDate "2021.10.06"]
[SourceQuality "1"]
[WhiteTeam "Gryps SV"]
[BlackTeam "Rostock SSC 07 II"]
[WhiteTeamCountry "GER"]
[BlackTeamCountry "GER"]

1. e4 e5 2. Nf3 d6 3. h3 Nf6 4. Nc3 Be7 5. Bc4 0-0 6. d3 c6 7. Bb3 Nbd7 8. Qe2 Nc5 9. Be3 Nxb3 10. axb3 Qc7 11. 0-0 b6 12. Ra2 Bd7 13. Rfa1 Rfe8 14. Qd2 d5 15. exd5 cxd5 16. Bg5 d4 17. Bxf6 dxc3 18. Bxe5 Qxe5 19. Nxe5 cxd2 20. Nxd7 Bd6 21. Rf1 Re1 22. Ra1 Rae8 0-1

[Event "Mecklenburg VP VL 1415"]
[Site "Mecklenburg VP"]
[Date "2015.04.12"]
[Round "8.6"]
[White "Sadewasser, Lucie"]
[Black "Haase, Sebastian"]
[Result "0-1"]
[WhiteElo "1682"]
[BlackElo "1745"]
[PlyCount "58"]
[EventDate "2014.09.21"]
[EventType "team-tourn"]
[EventRounds "9"]
[EventCountry "GER"]
[SourceTitle "EXT 2022"]
[Source "ChessBase"]
[SourceDate "2021.10.06"]
[SourceVersion "1"]
[SourceVersionDate "2021.10.06"]
[SourceQuality "1"]
[WhiteTeam "Gryps SV"]
[BlackTeam "Grevesmuehlen Blau Weiss"]
[WhiteTeamCountry "GER"]
[BlackTeamCountry "GER"]

1. e4 c5 2. Nc3 e6 3. f4 a6 4. Nf3 Nc6 5. d3 b5 6. g3 Bb7 7. Bg2 Nge7 8. Be3 d6 9. Bf2 Qc7 10. a3 g6 11. Qe2 Bg7 12. 0-0 0-0 13. Rab1 Nd4 14. Nxd4 cxd4 15. Nd1 Rac8 16. Rc1 e5 17. fxe5 dxe5 18. Bh3 Rcd8 19. Qd2 f5 20. exf5 Qc6 21. Bxd4 Qh1+ 22. Kf2 Qxh2+ 23. Ke1 Qxh3 24. Nf2 Qxg3 25. Bc5 Rf7 26. Bxe7 Rxe7 27. fxg6 hxg6 28. b4 e4 29. Qe2 e3 0-1

[Event "Mecklenburg VP-ch U16 Girls"]
[Site "Malchow"]
[Date "2015.02.??"]
[Round "5.3"]
[White "Sadewasser, Lucie"]
[Black "Dorendorf, Lena"]
[Result "1-0"]
[WhiteElo "1605"]
[BlackElo "1147"]
[PlyCount "79"]
[EventDate "2015.02.04"]
[EventType "tourn"]
[EventRounds "7"]
[EventCountry "GER"]
[SourceTitle "EXT 2022"]
[Source "ChessBase"]
[SourceDate "2021.10.06"]
[SourceVersion "1"]
[SourceVersionDate "2021.10.06"]
[SourceQuality "1"]

1. e4 e5 2. Nf3 Nc6 3. Bc4 Bc5 4. Nc3 Nf6 5. d3 d6 6. Bg5 h6 7. Bh4 Bg4 8. h3 Bh5 9. g4 Bg6 10. Nd5 Bb4+ 11. c3 Ba5 12. Nxf6+ gxf6 13. Bb5 Bb6 14. Bxc6+ bxc6 15. Qa4 Qd7 16. Bxf6 Rg8 17. Nh4 Rb8 18. Nf5 Bxf5 19. exf5 c5 20. Qxd7+ Kxd7 21. 0-0-0 a6 22. Rhf1 Ba5 23. f4 exf4 24. Rxf4 Bb6 25. Re4 Rge8 26. Rde1 Rxe4 27. Rxe4 Re8 28. Rxe8 Kxe8 29. Bg7 c6 30. Bxh6 Bd8 31. g5 Be7 32. Kd2 a5 33. a3 d5 34. Ke2 d4 35. c4 a4 36. Kf3 Kd8 37. h4 Ke8 38. h5 Bf8 39. Bxf8 Kxf8 40. Kf4 1-0

[Event "Mecklenburg VP-ch U16 Girls"]
[Site "Malchow"]
[Date "2015.02.??"]
[Round "6.3"]
[White "Stange, Laura"]
[Black "Sadewasser, Lucie"]
[Result "1/2-1/2"]
[WhiteElo "1151"]
[BlackElo "1605"]
[PlyCount "89"]
[EventDate "2015.02.04"]
[EventType "tourn"]
[EventRounds "7"]
[EventCountry "GER"]
[SourceTitle "EXT 2022"]
[Source "ChessBase"]
[SourceDate "2021.10.06"]
[SourceVersion "1"]
[SourceVersionDate "2021.10.06"]
[SourceQuality "1"]

1. e4 e5 2. Nf3 Nc6 3. Bc4 Bc5 4. d3 d6 5. Nc3 Bg4 6. h3 Bh5 7. g4 Bg6 8. Be3 Bb4 9. Bd2 Na5 10. Bb3 Nxb3 11. axb3 c6 12. Bg5 Bxc3+ 13. bxc3 f6 14. Bh4 Qd7 15. Nd2 Ne7 16. d4 Qe6 17. f3 Bf7 18. Qe2 Ng6 19. Bg3 h5 20. Rh2 h4 21. Bf2 Nf4 22. Qf1 g5 23. Be3 Ng6 24. Qd3 0-0 25. Kf1 Ne7 26. Kg2 Rfe8 27. Re1 a6 28. Rhh1 b5 29. Rhf1 Red8 30. c4 Qc8 31. d5 cxd5 32. cxd5 Qb7 33. c4 bxc4 34. bxc4 Ng6 35. Rb1 Qd7 36. Kg1 Rdb8 37. Rbe1 Be8 38. Rc1 Qe7 39. Rb1 Qc7 40. Rxb8 Rxb8 41. Rb1 Rxb1+ 42. Qxb1 Ne7 43. Qb3 Kf7 44. Kf2 Nc8 45. Ke2 1/2-1/2

[Event "Mecklenburg VP VL 1415"]
[Site "Mecklenburg VP"]
[Date "2015.01.18"]
[Round "5.6"]
[White "Sadewasser, Lucie"]
[Black "Helms, Sven"]
[Result "0-1"]
[WhiteElo "1682"]
[BlackElo "1928"]
[PlyCount "56"]
[EventDate "2014.09.21"]
[EventType "team-tourn"]
[EventRounds "9"]
[EventCountry "GER"]
[SourceTitle "EXT 2022"]
[Source "ChessBase"]
[SourceDate "2021.10.06"]
[SourceVersion "1"]
[SourceVersionDate "2021.10.06"]
[SourceQuality "1"]
[WhiteTeam "Gryps SV"]
[BlackTeam "Schwerin SF III"]
[WhiteTeamCountry "GER"]
[BlackTeamCountry "GER"]

1. e4 e6 2. d4 d5 3. exd5 exd5 4. Bd3 Bd6 5. c3 Nf6 6. Bg5 0-0 7. h3 h6 8. Bh4 Qe8+ 9. Ne2 Ne4 10. Nd2 g5 11. Bxe4 dxe4 12. Bg3 Bf5 13. Bxd6 cxd6 14. g4 Bg6 15. Qb3 e3 16. fxe3 Qxe3 17. Qxb7 Nd7 18. Qf3 Qe6 19. Rf1 Rae8 20. Rf2 f5 21. d5 Qe7 22. gxf5 Rxf5 23. Qg2 Rxf2 24. Qxf2 Bd3 25. Nf3 Qxe2+ 26. Qxe2 Rxe2+ 27. Kd1 Rf2 28. Nd2 Rh2 0-1

[Event "Mecklenburg VP-ch U14"]
[Site "Malchow"]
[Date "2014.02.02"]
[Round "3"]
[White "Sadewasser, Lucie"]
[Black "Joers, Pia Milena"]
[Result "1-0"]
[WhiteElo "1542"]
[BlackElo "1000"]
[PlyCount "91"]
[EventDate "2014.02.01"]
[EventType "swiss"]
[EventRounds "7"]
[EventCountry "GER"]
[SourceTitle "EXT 2017"]
[Source "ChessBase"]
[SourceDate "2016.10.25"]
[SourceVersion "1"]
[SourceVersionDate "2016.10.25"]
[SourceQuality "1"]

1. e4 e5 2. Nf3 Nc6 3. Bc4 Bc5 4. d3 Nf6 5. Nc3 h6 6. h3 d6 7. Bb3 Bd7 8. Ne2 Qe7 9. c3 Bb6 10. Bd2 0-0-0 11. Bc2 Rde8 12. b4 g5 13. a4 a6 14. c4 Nd8 15. a5 Ba7 16. Qb1 c6 17. Ba4 Ne6 18. b5 axb5 19. cxb5 Qd8 20. b6 Bb8 21. Be3 g4 22. Nd2 Reg8 23. Ng3 Nf4 24. Bxf4 exf4 25. Ne2 d5 26. hxg4 Rxg4 27. Kf1 Qg8 28. Qb2 Qg7 29. e5 Ne8 30. d4 Rxg2 31. Nxf4 Rg5 32. Qc3 Rf5 33. Nxd5 Kd8 34. Ne3 Rg5 35. Nf3 Rg6 36. Bc2 Re6 37. Bf5 Re7 38. Rg1 Qf8 39. a6 bxa6 40. Rxa6 Bxf5 41. Nxf5 Re6 42. Ra8 Kc8 43. d5 Rg6 44. Rxg6 fxg6 45. Qxc6+ Kd8 46. Rxb8# 1-0

[Event "GER-chT U14 Girls"]
[Site "Magdeburg"]
[Date "2013.12.28"]
[Round "3.1"]
[White "Poetsch, Leonore"]
[Black "Sadewasser, Lucie"]
[Result "1-0"]
[WhiteElo "1548"]
[BlackElo "1502"]
[PlyCount "135"]
[EventDate "2013.12.27"]
[EventType "team-swiss"]
[EventRounds "4"]
[EventCountry "GER"]
[SourceTitle "EXT 2015"]
[Source "ChessBase"]
[SourceDate "2014.11.20"]
[SourceVersion "1"]
[SourceVersionDate "2014.11.20"]
[SourceQuality "1"]
[WhiteTeam "Langen"]
[BlackTeam "Gadebusch"]
[WhiteTeamCountry "GER"]
[BlackTeamCountry "GER"]

1. e3 g6 2. d4 Bg7 3. c4 c5 4. d5 b5 5. cxb5 a6 6. Nc3 Nf6 7. d6 0-0 8. Nf3 Bb7 9. bxa6 Bxa6 10. dxe7 Qxe7 11. Be2 Bxe2 12. Qxe2 Nc6 13. 0-0 Rfb8 14. a3 d6 15. Qd3 Nb4 16. Qd2 c4 17. Rb1 Nd3 18. Ne1 Nxe1 19. Rxe1 Ne4 20. Nxe4 Qxe4 21. Ra1 Qc6 22. Qc2 Qb5 23. Ra2 Ra6 24. Bd2 Qb3 25. Qxb3 cxb3 26. Raa1 Bxb2 27. Rab1 Bxa3 28. Kf1 Bc5 29. Bc3 Ra7 30. Re2 Rb6 31. Reb2 Ra3 32. Ke2 Ra2 33. Kd3 Rxb2 34. Bxb2 Kf8 35. Bd4 Ke7 36. Bxc5 dxc5 37. Kc4 Kd6 38. Rxb3 Rxb3 39. Kxb3 Kd5 40. Kc3 f5 41. f3 g5 42. h3 h5 43. h4 g4 44. Kd3 g3 45. Kc3 c4 46. Kc2 Kd6 47. Kc3 Kc5 48. e4 f4 49. e5 Kd5 50. e6 Kxe6 51. Kxc4 Ke5 52. Kc5 Ke6 53. Kd4 Kf5 54. Kd5 Kf6 55. Ke4 Kg6 56. Kxf4 Kf6 57. Kxg3 Kf5 58. Kf2 Kf4 59. g3+ Kf5 60. Ke3 Ke5 61. g4 hxg4 62. fxg4 Kf6 63. Kf4 Kg6 64. g5 Kg7 65. h5 Kh8 66. Kf5 Kh7 67. Kf6 Kg8 68. Kg6 1-0

[Event "North Germany-chT U14 Girls"]
[Site "Guestrow"]
[Date "2013.09.14"]
[Round "4.1"]
[White "Reyher, Susan"]
[Black "Sadewasser, Lucie"]
[Result "0-1"]
[WhiteElo "1346"]
[BlackElo "1460"]
[PlyCount "108"]
[EventDate "2013.09.13"]
[EventType "team-swiss"]
[EventRounds "5"]
[EventCountry "GER"]
[SourceTitle "EXT 2017"]
[Source "ChessBase"]
[SourceDate "2016.10.25"]
[SourceVersion "1"]
[SourceVersionDate "2016.10.25"]
[SourceQuality "1"]
[WhiteTeam "Glueck Auf Ruedersdorf"]
[BlackTeam "Gadebusch"]
[WhiteTeamCountry "GER"]
[BlackTeamCountry "GER"]

1. e4 e5 2. Bc4 Nc6 3. Nc3 Nf6 4. d3 Bb4 5. Nge2 d5 6. exd5 Nxd5 7. Bxd5 Qxd5 8. 0-0 Qd8 9. f4 Bc5+ 10. Kh1 Qh4 11. fxe5 Nxe5 12. Qe1 Qd8 13. Ng3 f6 14. Nge4 Bd4 15. Qg3 Ng6 16. Bf4 Nxf4 17. Qxf4 Be5 18. Qh4 c6 19. Rae1 0-0 20. Re2 Qc7 21. Rfe1 Bf5 22. Nd1 Rad8 23. Rf1 Bg6 24. b3 Rfe8 25. Ndf2 f5 26. Ng5 Rd4 27. Qh3 Qd8 28. Nf3 Rd5 29. c4 Rxd3 30. Nxd3 Qxd3 31. Ree1 Bc3 32. Rxe8+ Bxe8 33. Rg1 Bg6 34. Ne5 Qxh3 35. gxh3 Bxe5 36. Re1 Bf6 37. Rd1 Be8 38. Kg2 Kf7 39. Kf3 g5 40. b4 Be7 41. a3 Kf6 42. Ke3 b6 43. Rb1 Ke5 44. Re1 Bf7 45. Kd3+ Kf6 46. Rf1 Be6 47. Kc3 f4 48. Rf3 Kf5 49. Kd3 h5 50. Rf1 Bd6 51. Rf2 Kf6 52. Kc3 Bxh3 53. Re2 Be5+ 54. Kd3 Bf1 0-1

[Event "North Germany-chT U14 Girls"]
[Site "Guestrow"]
[Date "2013.09.14"]
[Round "3.1"]
[White "Stange, Laura"]
[Black "Sadewasser, Lucie"]
[Result "0-1"]
[WhiteElo "1261"]
[BlackElo "1460"]
[PlyCount "42"]
[EventDate "2013.09.13"]
[EventType "team-swiss"]
[EventRounds "5"]
[EventCountry "GER"]
[SourceTitle "EXT 2017"]
[Source "ChessBase"]
[SourceDate "2016.10.25"]
[SourceVersion "1"]
[SourceVersionDate "2016.10.25"]
[SourceQuality "1"]
[WhiteTeam "Eintracht Neubrandenburg"]
[BlackTeam "Gadebusch"]
[WhiteTeamCountry "GER"]
[BlackTeamCountry "GER"]

1. e4 e5 2. Nf3 Nc6 3. Bc4 Bc5 4. Nc3 Nf6 5. d3 d6 6. Bg5 h6 7. Bh4 g5 8. Bg3 a6 9. Qd2 Bg4 10. h3 Bxf3 11. gxf3 Nd4 12. Qd1 b5 13. Bb3 c6 14. h4 Nh5 15. Ne2 Nxf3+ 16. Kf1 gxh4 17. Nc3 Nxg3+ 18. fxg3 Qf6 19. Ke2 Ng1+ 20. Kd2 Qg5+ 21. Ke1 Qxg3+ 0-1

[Event "GER-chT Federal Cup (Women)"]
[Site "Braunfels"]
[Date "2013.05.31"]
[Round "3.6"]
[White "Sadewasser, Lucie"]
[Black "Franzenburg, Maria"]
[Result "0-1"]
[WhiteElo "1513"]
[BlackElo "1900"]
[PlyCount "52"]
[EventDate "2013.05.30"]
[EventType "team-swiss"]
[EventRounds "5"]
[EventCountry "GER"]
[SourceTitle "EXT 2014"]
[Source "ChessBase"]
[SourceDate "2013.11.20"]
[SourceVersion "1"]
[SourceVersionDate "2013.11.20"]
[SourceQuality "1"]
[WhiteTeam "Mecklenburg Vorpommern (W)"]
[BlackTeam "Baden (W)"]
[WhiteTeamCountry "GER"]
[BlackTeamCountry "GER"]

1. e4 e6 2. d4 d5 3. exd5 exd5 4. Bd3 c5 5. c3 Nf6 6. Bg5 Be6 7. Nf3 Bd6 8. Nbd2 0-0 9. Qc2 h6 10. Bh4 Nc6 11. Nf1 Rc8 12. dxc5 Bxc5 13. Ng3 Nd4 14. Nxd4 Bxd4 15. 0-0-0 Qb6 16. Bxf6 Bxf6 17. Nh5 Be7 18. Bf5 d4 19. Bxe6 fxe6 20. Qg6 Bf6 21. Rd3 dxc3 22. bxc3 Rxc3+ 23. Rxc3 Bxc3 24. Qc2 Be5 25. Re1 Rxf2 26. Qc8+ Kh7 0-1

[Event "GER-chT Federal Cup (Women)"]
[Site "Braunfels"]
[Date "2013.05.30"]
[Round "1.6"]
[White "Sadewasser, Lucie"]
[Black "Alt, Barbara"]
[Result "1-0"]
[WhiteElo "1513"]
[BlackElo "1212"]
[PlyCount "93"]
[EventDate "2013.05.30"]
[EventType "team-swiss"]
[EventRounds "5"]
[EventCountry "GER"]
[SourceTitle "EXT 2014"]
[Source "ChessBase"]
[SourceDate "2013.11.20"]
[SourceVersion "1"]
[SourceVersionDate "2013.11.20"]
[SourceQuality "1"]
[WhiteTeam "Mecklenburg Vorpommern (W)"]
[BlackTeam "Saarland (W)"]
[WhiteTeamCountry "GER"]
[BlackTeamCountry "GER"]

1. e4 Nc6 2. d4 d5 3. e5 Bf5 4. Bb5 e6 5. Nf3 Be4 6. Nbd2 f5 7. Nxe4 dxe4 8. Ng5 Qd7 9. Be3 Nge7 10. h4 Nd5 11. c4 Bb4+ 12. Bd2 e3 13. Bxb4 exf2+ 14. Kxf2 Ndxb4 15. a3 Nc2 16. Bxc6 bxc6 17. Qxc2 Qxd4+ 18. Kf1 Qf4+ 19. Nf3 0-0-0 20. Qe2 Rd4 21. g3 Qe4 22. Qxe4 Rxe4 23. Rc1 Rd8 24. Kf2 Rd3 25. Rhe1 Rg4 26. Rg1 f4 27. gxf4 Rxf4 28. Rg3 Rdd4 29. Rxg7 Rd3 30. Rg3 Rb3 31. Rc2 Rd3 32. Kg2 Re4 33. Ng5 Rxg3+ 34. Kxg3 Rxe5 35. Nxh7 Re3+ 36. Kf4 Rh3 37. Kg4 Rh1 38. Ng5 e5 39. Re2 Rg1+ 40. Kf5 Rf1+ 41. Kxe5 Rf8 42. Rd2 Rh8 43. Rd4 c5 44. Rf4 Kb7 45. Ne6 Kb6 46. Ng7 Rh6 47. Rf6+ 1-0

[Event "GER-chT Nord-Ost U20 U20 1112"]
[Site "Germany"]
[Date "2012.02.18"]
[Round "6.5"]
[White "Bardosch, Konstantin"]
[Black "Sadewasser, Lucie"]
[Result "1-0"]
[WhiteElo "1450"]
[BlackElo "1202"]
[PlyCount "55"]
[EventDate "2011.09.24"]
[EventType "team-tourn"]
[EventRounds "9"]
[EventCountry "GER"]
[SourceTitle "EXT 2015"]
[Source "ChessBase"]
[SourceDate "2014.11.20"]
[SourceVersion "1"]
[SourceVersionDate "2014.11.20"]
[SourceQuality "1"]

1. d4 Nf6 2. c4 g6 3. Nc3 Bg7 4. e4 d6 5. Nf3 0-0 6. Be2 Na6 7. 0-0 c5 8. d5 Bg4 9. Ne1 Qc8 10. f3 Bd7 11. Be3 Re8 12. Nc2 Nb8 13. Qd2 a6 14. b4 cxb4 15. Nxb4 a5 16. Nc2 Na6 17. Rab1 Nc5 18. Nd4 Na4 19. Nxa4 Bxa4 20. Rfc1 Bd7 21. Nb5 Qd8 22. Na3 Bc8 23. Bb6 Qd7 24. Nb5 Rb8 25. Bd1 Rf8 26. Ba4 e5 27. Bc7 Ra8 28. Bxd6 1-0

[Event "GER-chT Lands U21"]
[Site "Xanten"]
[Date "2011.11.02"]
[Round "5.8"]
[White "Brandt, Carina"]
[Black "Sadewasser, Lucie"]
[Result "1-0"]
[WhiteElo "1451"]
[BlackElo "1292"]
[PlyCount "99"]
[EventDate "2011.10.31"]
[EventType "team-swiss"]
[EventRounds "7"]
[EventCountry "GER"]
[SourceTitle "EXT 2022"]
[Source "ChessBase"]
[SourceDate "2021.10.06"]
[SourceVersion "1"]
[SourceVersionDate "2021.10.06"]
[SourceQuality "1"]
[WhiteTeam "Hamburg U21"]
[BlackTeam "Mecklenburg-Vorpommern U21"]
[WhiteTeamCountry "GER"]
[BlackTeamCountry "GER"]

1. e4 e5 2. Nf3 Nc6 3. Bc4 Bc5 4. c3 Nf6 5. d3 a6 6. Nbd2 Ba7 7. Nf1 0-0 8. Ng3 d5 9. exd5 Nxd5 10. 0-0 Bg4 11. h3 Be6 12. Re1 Qd6 13. Ne4 Qd7 14. Neg5 Qd6 15. Qe2 b5 16. Nxe6 Qxe6 17. Bb3 Qd6 18. Bg5 Kh8 19. Qe4 f5 20. Qxd5 Na5 21. Qxd6 cxd6 22. Bd5 Rac8 23. a3 f4 24. Ba2 Rfe8 25. b4 Nc6 26. Bd5 Nb8 27. Bb7 Rc7 28. Bd5 Rcc8 29. Rac1 h6 30. Bh4 g5 31. Nxg5 hxg5 32. Bxg5 Kg7 33. h4 Kg6 34. Re2 Nd7 35. Be4+ Kh5 36. Bf3+ Kg6 37. Bg4 Rc7 38. Bxd7 Rxd7 39. Bxf4 Rc8 40. Bg5 Rf7 41. g3 Rf3 42. Be3 Bxe3 43. Rxe3 Rxe3 44. fxe3 Kh5 45. Kg2 Kg4 46. c4 Rc7 47. c5 d5 48. Rf1 Rc6 49. Rf7 Rg6 50. Rd7 1-0

[Event "GER-chT Lands U21"]
[Site "Xanten"]
[Date "2011.10.31"]
[Round "1.8"]
[White "Sadewasser, Lucie"]
[Black "Peter, Anton"]
[Result "1/2-1/2"]
[WhiteElo "1292"]
[BlackElo "1683"]
[PlyCount "85"]
[EventDate "2011.10.31"]
[EventType "team-swiss"]
[EventRounds "7"]
[EventCountry "GER"]
[SourceTitle "EXT 2022"]
[Source "ChessBase"]
[SourceDate "2021.10.06"]
[SourceVersion "1"]
[SourceVersionDate "2021.10.06"]
[SourceQuality "1"]
[WhiteTeam "Mecklenburg-Vorpommern U21"]
[BlackTeam "Hessen U21"]
[WhiteTeamCountry "GER"]
[BlackTeamCountry "GER"]

1. e4 c5 2. Nc3 Nc6 3. f4 g6 4. Nf3 Bg7 5. Bc4 e6 6. d3 Nge7 7. 0-0 0-0 8. Qe1 d5 9. Bb3 Na5 10. Bd2 Nxb3 11. axb3 b6 12. Ra2 Bb7 13. Nb1 a5 14. e5 Qd7 15. Na3 Ba6 16. h3 Nc6 17. g4 Nb4 18. Bxb4 axb4 19. Nb1 Rfe8 20. Qh4 Qe7 21. Qxe7 Rxe7 22. c4 Bb7 23. Rxa8+ Bxa8 24. Nbd2 Ra7 25. Re1 Ra2 26. Rb1 f6 27. Re1 fxe5 28. Nxe5 Rxb2 29. Ndf3 dxc4 30. dxc4 Bxf3 31. Nxf3 h6 32. Rxe6 Rxb3 33. Kg2 Rc3 34. Rxg6 Rxc4 35. f5 Kh7 36. Rxb6 Rc2+ 37. Kg3 Rc3 38. Rb7 Kg8 39. Rb8+ Kf7 40. Rb7+ Kf8 41. Rb8+ Kf7 42. Rb7+ Kg8 43. Rb8+ 1/2-1/2

[Event "GER-ch U12"]
[Site "Oberhof"]
[Date "2011.06.16"]
[Round "8"]
[White "Krueger, David"]
[Black "Sadewasser, Lucie"]
[Result "1-0"]
[WhiteElo "1810"]
[BlackElo "1361"]
[PlyCount "77"]
[EventDate "2011.06.11"]
[EventType "swiss"]
[EventRounds "11"]
[EventCountry "GER"]
[SourceTitle "CBM 142 Extra"]
[Source "ChessBase"]
[SourceDate "2011.06.27"]
[SourceVersion "1"]
[SourceVersionDate "2011.06.27"]
[SourceQuality "1"]

1. d4 Nf6 2. c4 g6 3. g3 Bg7 4. Bg2 d6 5. Nf3 0-0 6. 0-0 c6 7. Nc3 Qa5 8. Qc2 Be6 9. b3 Na6 10. e4 Rab8 11. Bb2 Rfc8 12. Qd2 Qd8 13. Rad1 Bg4 14. h3 Bxf3 15. Bxf3 Qd7 16. Kh2 Nc7 17. Qe3 h5 18. e5 Nh7 19. Rg1 Ne6 20. Bg2 dxe5 21. dxe5 Qe8 22. Qxa7 c5 23. Nd5 Kf8 24. Nb6 Rc7 25. Rd3 Rd8 26. Rgd1 Rxd3 27. Rxd3 Nd8 28. Qb8 Ne6 29. Qxe8+ Kxe8 30. Na8 Rc8 31. Bxb7 Rb8 32. Bc6+ Kf8 33. f4 Kg8 34. Rd7 Bf8 35. Nc7 Nxc7 36. Rxc7 Rd8 37. Rd7 Rc8 38. Bb7 Rb8 39. a4 1-0